000 003680000a22001450004500
020 _a0-448-40520-2
082 0 4 _aGI CD P661i
100 1 _aPiper, Watty
245 1 0 _aThe little engine that could / Watty Piper, il. George & Doris Hauman
260 _aOhio : Weekly Reader Books
300 _a[ 40 P.]
650 1 4 _aLiteratura Infantil
001 757
942 _cLGB
999 _c47961
_d47961